| 000 | 00882nam a22002297a 4500 | ||
|---|---|---|---|
| 999 |
_c20337 _d20337 |
||
| 003 | AR-CdUCM | ||
| 008 | 190416b ||||| |||| 00| 0 spa d | ||
| 040 |
_aMUNICIPALIDAD PROVINCIAL DEL CUSCO _cBIBLIOTECA MUNICIPAL DEL CUSCO |
||
| 082 |
_a982.034 / _bG18 |
||
| 100 |
_aGamio Palacio, Fernando _98687 |
||
| 245 |
_aLa municipalidad D Lima : _bY la emancipación 1821 |
||
| 260 |
_aBuenos Aires : _bTipografía Peruana, _c1971. |
||
| 300 |
_a298 páginas ; _c26 cm. _bFotografias, ilustraciones |
||
| 440 |
_aConcejo provincial de Lima _942520 |
||
| 505 | _aContenido : Ayuntamiento y el virrey -- Declaración de la independencia -- Proclamación de la independencia -- Jura de la independencia. | ||
| 650 |
_aHistoria de la independencia _916161 |
||
| 650 |
_aPerú _935 |
||
| 650 |
_aCabildos _95645 |
||
| 650 |
_aProclamación _942521 |
||
| 942 |
_2ddc _cLIBROS |
||
| 945 | _arcc | ||